{"text_format":"3","workbook":"xlsx","n_sheets":17,"sheets":["部门财务收支预算总表01-1","部门收入预算表01-2","部门支出预算表01-3","部门财政拨款收支预算总表02-1","一般公共预算支出预算表02-2","一般公共预算“三公”经费支出预算表03","部门基本支出预算表04","部门项目支出预算表05-1","部门项目支出绩效目标表05-2","部门政府性基金预算表06","部门政府采购预算表07","部门政府购买服务预算表08","省对下转移支付预算表09-1","省对下转移支付绩效目标表09-2","新增资产配置表10","中央转移支付补助项目支出预算表11","部门项目支出中期规划预算表12"],"read":"whole","date_system":"1900"}

{"sheet":"部门财务收支预算总表01-1","index":0,"n_rows":21,"n_cols":4,"rows_kept":21,"merged":[[1,0,1,3],[2,0,2,1],[3,0,3,1],[3,2,3,3],[4,0,5,0],[4,1,5,1],[4,2,5,2],[4,3,5,3]]}
[{"$nulls":3},"预算01-1表"]
["2026年部门财务收支预算总表"]
[{"$f":"\"单位名称：\"&\"云南省有色地质局三一0队\"","v":"单位名称：云南省有色地质局三一0队"},null,null,"单位:元"]
["收        入",null,"支        出"]
["项      目","预算数","项目（按功能分类）","预算数"]
[]
["一、一般公共预算拨款收入",{"v":12646240,"d":"12,646,240.00"},{"$f":"\"一\"&\"、\"&\"社会保障和就业支出\"","v":"一、社会保障和就业支出"},{"v":3462860,"d":"3,462,860.00"}]
["二、政府性基金预算拨款收入",null,{"$f":"\"二\"&\"、\"&\"卫生健康支出\"","v":"二、卫生健康支出"},{"v":1052000,"d":"1,052,000.00"}]
["三、国有资本经营预算拨款收入",null,{"$f":"\"三\"&\"、\"&\"资源勘探工业信息等支出\"","v":"三、资源勘探工业信息等支出"},{"v":89141080,"d":"89,141,080.00"}]
["四、财政专户管理资金收入",null,{"$f":"\"四\"&\"、\"&\"住房保障支出\"","v":"四、住房保障支出"},{"v":2307500,"d":"2,307,500.00"}]
["五、单位资金",{"v":83317200,"d":"83,317,200.00"}]
["1、事业收入",{"v":51067200,"d":"51,067,200.00"}]
["2、事业单位经营收入"]
["3、上级补助收入",{"v":30000000,"d":"30,000,000.00"}]
["4、附属单位上缴收入"]
["5、其他收入",{"v":2250000,"d":"2,250,000.00"}]
["本年收入合计",{"v":95963440,"d":"95,963,440.00"},"本年支出合计",{"v":95963440,"d":"95,963,440.00"}]
["上年结转结余",{"v":22258421.21,"d":"22,258,421.21"},"年终结转结余",{"v":22258421.21,"d":"22,258,421.21"}]
["1、财政拨款结转结余",null,"1、财政拨款结转结余"]
["2、非财政拨款结余",{"v":22258421.21,"d":"22,258,421.21"},"2、非财政拨款结余",{"v":22258421.21,"d":"22,258,421.21"}]
["收  入  总  计",{"v":118221861.21,"d":"118,221,861.21"},"支 出 总 计",{"v":118221861.21,"d":"118,221,861.21"}]

{"sheet":"部门收入预算表01-2","index":1,"n_rows":10,"n_cols":19,"rows_kept":10,"merged":[[0,17,0,18],[1,0,1,18],[2,0,2,3],[2,17,2,18],[3,0,5,0],[3,1,5,1],[3,2,5,2],[3,3,3,13],[3,14,3,18],[4,3,5,3],[4,4,5,4],[4,5,5,5],[4,6,5,6],[4,7,5,7],[4,8,4,13],[4,14,5,14],[4,15,5,15],[4,16,5,16],[4,17,5,17],[4,18,5,18]]}
[{"$nulls":17},"预算01-2表"]
["2026年部门收入预算表"]
[{"$f":"\"单位名称：\"&\"云南省有色地质局三一0队\"","v":"单位名称：云南省有色地质局三一0队"},{"$nulls":16},"单位:元","单位:元"]
["部门（单位）代码","部门（单位）名称","合计","本年收入",{"$nulls":10},"上年结转结余"]
[{"$nulls":3},"小计","一般公共预算","政府性基金预算","国有资本经营预算","财政专户管理资金","单位资金收入",null,"事业单位经营收入","上级补助收入","附属单位上缴收入","其他收入","小计","一般公共预算","政府性基金预算","国有资本经营预算","非财政拨款结余"]
[{"$nulls":8},"小计","事业收入","事业单位经营收入","上级补助收入","附属单位上缴收入","其他收入"]
[1,2,3,4,5,6,7,8,9,10,11,12,13,14,15,16,17,18,19]
["411011","云南省有色地质局三一0队",{"v":118221861.21,"d":"118,221,861.21"},{"v":95963440,"d":"95,963,440.00"},{"v":12646240,"d":"12,646,240.00"},{"$nulls":3},{"v":83317200,"d":"83,317,200.00"},{"v":51067200,"d":"51,067,200.00"},null,{"v":30000000,"d":"30,000,000.00"},null,{"v":2250000,"d":"2,250,000.00"},{"v":22258421.21,"d":"22,258,421.21"},{"$nulls":3},{"v":22258421.21,"d":"22,258,421.21"}]
["411011001","云南省有色地质局三一0队",{"v":118221861.21,"d":"118,221,861.21"},{"v":95963440,"d":"95,963,440.00"},{"v":12646240,"d":"12,646,240.00"},{"$nulls":3},{"v":83317200,"d":"83,317,200.00"},{"v":51067200,"d":"51,067,200.00"},null,{"v":30000000,"d":"30,000,000.00"},null,{"v":2250000,"d":"2,250,000.00"},{"v":22258421.21,"d":"22,258,421.21"},{"$nulls":3},{"v":22258421.21,"d":"22,258,421.21"}]
["合计",null,{"v":118221861.21,"d":"118,221,861.21"},{"v":95963440,"d":"95,963,440.00"},{"v":12646240,"d":"12,646,240.00"},{"$nulls":3},{"v":83317200,"d":"83,317,200.00"},{"v":51067200,"d":"51,067,200.00"},null,{"v":30000000,"d":"30,000,000.00"},null,{"v":2250000,"d":"2,250,000.00"},{"v":22258421.21,"d":"22,258,421.21"},{"$nulls":3},{"v":22258421.21,"d":"22,258,421.21"}]

{"sheet":"部门支出预算表01-3","index":2,"n_rows":24,"n_cols":15,"rows_kept":24,"merged":[[1,0,1,14],[2,0,2,11],[3,0,4,0],[3,1,4,1],[3,2,4,2],[3,3,3,5],[3,6,4,6],[3,7,4,7],[3,8,4,8],[3,9,3,14],[23,0,23,1]]}
[{"$nulls":14},"预算01-3表"]
["2026年部门支出预算表"]
[{"$f":"\"单位名称：\"&\"云南省有色地质局三一0队\"","v":"单位名称：云南省有色地质局三一0队"},{"$nulls":13},"单位:元"]
["科目编码","科目名称","合计","一般公共预算",null,null,"政府性基金预算","国有资本经营预算","财政专户管理的支出","单位资金","事业支出","事业单位\n经营支出","上级补助支出","附属单位补助支出","其他支出"]
[{"$nulls":3},"小计","基本支出","项目支出",{"$nulls":3},"小计","事业支出","事业单位\n经营支出","上级补助支出","附属单位补助支出","其他支出"]
[1,2,3,4,5,6,7,8,9,10,11,12,13,14,15]
["208","社会保障和就业支出",{"v":3462860,"d":"3,462,860.00"},{"v":2370860,"d":"2,370,860.00"},{"v":2370860,"d":"2,370,860.00"},{"$nulls":4},{"v":1092000,"d":"1,092,000.00"},{"v":1092000,"d":"1,092,000.00"}]
["20805","行政事业单位养老支出",{"v":3322860,"d":"3,322,860.00"},{"v":2320860,"d":"2,320,860.00"},{"v":2320860,"d":"2,320,860.00"},{"$nulls":4},{"v":1002000,"d":"1,002,000.00"},{"v":1002000,"d":"1,002,000.00"}]
["2080502","事业单位离退休",{"v":220860,"d":"220,860.00"},{"v":220860,"d":"220,860.00"},{"v":220860,"d":"220,860.00"}]
["2080505","机关事业单位基本养老保险缴费支出",{"v":2068000,"d":"2,068,000.00"},{"v":1400000,"d":"1,400,000.00"},{"v":1400000,"d":"1,400,000.00"},{"$nulls":4},{"v":668000,"d":"668,000.00"},{"v":668000,"d":"668,000.00"}]
["2080506","机关事业单位职业年金缴费支出",{"v":1034000,"d":"1,034,000.00"},{"v":700000,"d":"700,000.00"},{"v":700000,"d":"700,000.00"},{"$nulls":4},{"v":334000,"d":"334,000.00"},{"v":334000,"d":"334,000.00"}]
["20899","其他社会保障和就业支出",{"v":140000,"d":"140,000.00"},{"v":50000,"d":"50,000.00"},{"v":50000,"d":"50,000.00"},{"$nulls":4},{"v":90000,"d":"90,000.00"},{"v":90000,"d":"90,000.00"}]
["2089999","其他社会保障和就业支出",{"v":140000,"d":"140,000.00"},{"v":50000,"d":"50,000.00"},{"v":50000,"d":"50,000.00"},{"$nulls":4},{"v":90000,"d":"90,000.00"},{"v":90000,"d":"90,000.00"}]
["210","卫生健康支出",{"v":1052000,"d":"1,052,000.00"},{"v":650000,"d":"650,000.00"},{"v":650000,"d":"650,000.00"},{"$nulls":4},{"v":402000,"d":"402,000.00"},{"v":402000,"d":"402,000.00"}]
["21011","行政事业单位医疗",{"v":1052000,"d":"1,052,000.00"},{"v":650000,"d":"650,000.00"},{"v":650000,"d":"650,000.00"},{"$nulls":4},{"v":402000,"d":"402,000.00"},{"v":402000,"d":"402,000.00"}]
["2101102","事业单位医疗",{"v":1030000,"d":"1,030,000.00"},{"v":650000,"d":"650,000.00"},{"v":650000,"d":"650,000.00"},{"$nulls":4},{"v":380000,"d":"380,000.00"},{"v":380000,"d":"380,000.00"}]
["2101199","其他行政事业单位医疗支出",{"v":22000,"d":"22,000.00"},{"$nulls":6},{"v":22000,"d":"22,000.00"},{"v":22000,"d":"22,000.00"}]
["215","资源勘探工业信息等支出",{"v":89141080,"d":"89,141,080.00"},{"v":8917880,"d":"8,917,880.00"},{"v":8917880,"d":"8,917,880.00"},{"$nulls":4},{"v":80223200,"d":"80,223,200.00"},{"v":47973200,"d":"47,973,200.00"},null,{"v":30000000,"d":"30,000,000.00"},null,{"v":2250000,"d":"2,250,000.00"}]
["21501","资源勘探开发",{"v":89141080,"d":"89,141,080.00"},{"v":8917880,"d":"8,917,880.00"},{"v":8917880,"d":"8,917,880.00"},{"$nulls":4},{"v":80223200,"d":"80,223,200.00"},{"v":47973200,"d":"47,973,200.00"},null,{"v":30000000,"d":"30,000,000.00"},null,{"v":2250000,"d":"2,250,000.00"}]
["2150107","有色金属矿勘探和采选",{"v":89141080,"d":"89,141,080.00"},{"v":8917880,"d":"8,917,880.00"},{"v":8917880,"d":"8,917,880.00"},{"$nulls":4},{"v":80223200,"d":"80,223,200.00"},{"v":47973200,"d":"47,973,200.00"},null,{"v":30000000,"d":"30,000,000.00"},null,{"v":2250000,"d":"2,250,000.00"}]
["221","住房保障支出",{"v":2307500,"d":"2,307,500.00"},{"v":707500,"d":"707,500.00"},{"v":707500,"d":"707,500.00"},{"$nulls":4},{"v":1600000,"d":"1,600,000.00"},{"v":1600000,"d":"1,600,000.00"}]
["22102","住房改革支出",{"v":2307500,"d":"2,307,500.00"},{"v":707500,"d":"707,500.00"},{"v":707500,"d":"707,500.00"},{"$nulls":4},{"v":1600000,"d":"1,600,000.00"},{"v":1600000,"d":"1,600,000.00"}]
["2210201","住房公积金",{"v":2307500,"d":"2,307,500.00"},{"v":707500,"d":"707,500.00"},{"v":707500,"d":"707,500.00"},{"$nulls":4},{"v":1600000,"d":"1,600,000.00"},{"v":1600000,"d":"1,600,000.00"}]
["合  计","合  计",{"v":95963440,"d":"95,963,440.00"},{"v":12646240,"d":"12,646,240.00"},{"v":12646240,"d":"12,646,240.00"},{"$nulls":4},{"v":83317200,"d":"83,317,200.00"},{"v":51067200,"d":"51,067,200.00"},null,{"v":30000000,"d":"30,000,000.00"},null,{"v":2250000,"d":"2,250,000.00"}]

{"sheet":"部门财政拨款收支预算总表02-1","index":3,"n_rows":16,"n_cols":4,"rows_kept":16,"merged":[[1,0,1,3],[2,0,2,1],[3,0,3,1],[3,2,3,3],[4,0,5,0],[4,1,5,1],[4,2,5,2],[4,3,5,3]]}
[{"$nulls":3},"预算02-1表"]
["2026年财政拨款收支预算总表"]
[{"$f":"\"单位名称：\"&\"云南省有色地质局三一0队\"","v":"单位名称：云南省有色地质局三一0队"},null,null,"单位:元"]
["收        入",null,"支        出"]
["项      目","预算数","支出功能分类科目","预算数"]
[]
["一、本年收入",{"v":12646240,"d":"12,646,240.00"},"一、本年支出",{"v":12646240,"d":"12,646,240.00"}]
["（一）一般公共预算拨款",{"v":12646240,"d":"12,646,240.00"},{"$f":"\"（一）\"&\"社会保障和就业支出\"","v":"（一）社会保障和就业支出"},{"v":2370860,"d":"2,370,860.00"}]
["（二）政府性基金预算拨款",null,{"$f":"\"（二）\"&\"卫生健康支出\"","v":"（二）卫生健康支出"},{"v":650000,"d":"650,000.00"}]
["（三）国有资本经营预算拨款",null,{"$f":"\"（三）\"&\"资源勘探工业信息等支出\"","v":"（三）资源勘探工业信息等支出"},{"v":8917880,"d":"8,917,880.00"}]
["二、上年结转",null,{"$f":"\"（四）\"&\"住房保障支出\"","v":"（四）住房保障支出"},{"v":707500,"d":"707,500.00"}]
["（一）一般公共预算拨款"]
["（二）政府性基金预算拨款"]
["（三）国有资本经营预算拨款"]
[null,null,"二、年终结转结余"]
["收 入 总 计",{"v":12646240,"d":"12,646,240.00"},"支 出 总 计",{"v":12646240,"d":"12,646,240.00"}]

{"sheet":"一般公共预算支出预算表02-2","index":4,"n_rows":23,"n_cols":7,"rows_kept":23,"merged":[[1,0,1,6],[2,0,2,4],[3,0,3,1],[3,2,4,2],[3,3,3,5],[3,6,4,6],[22,0,22,1]]}
[{"$nulls":6},"预算02-2表"]
["2026年一般公共预算支出预算表（按功能科目分类）"]
[{"$f":"\"单位名称：\"&\"云南省有色地质局三一0队\"","v":"单位名称：云南省有色地质局三一0队"},{"$nulls":5},"单位:元"]
["部门预算支出功能分类科目",null,"合计","基本支出",null,null,"项目支出"]
["科目编码","科目名称",null,"小计","人员经费","公用经费"]
["1","2","3",null,"4","5","6"]
["208","社会保障和就业支出",{"v":2370860,"d":"2,370,860.00"},{"v":2370860,"d":"2,370,860.00"},{"v":2150000,"d":"2,150,000.00"},{"v":220860,"d":"220,860.00"}]
["20805","行政事业单位养老支出",{"v":2320860,"d":"2,320,860.00"},{"v":2320860,"d":"2,320,860.00"},{"v":2100000,"d":"2,100,000.00"},{"v":220860,"d":"220,860.00"}]
["2080502","事业单位离退休",{"v":220860,"d":"220,860.00"},{"v":220860,"d":"220,860.00"},null,{"v":220860,"d":"220,860.00"},{"v":222480,"d":"222,480.00"}]
["2080505","机关事业单位基本养老保险缴费支出",{"v":1400000,"d":"1,400,000.00"},{"v":1400000,"d":"1,400,000.00"},{"v":1400000,"d":"1,400,000.00"}]
["2080506","机关事业单位职业年金缴费支出",{"v":700000,"d":"700,000.00"},{"v":700000,"d":"700,000.00"},{"v":700000,"d":"700,000.00"}]
["20899","其他社会保障和就业支出",{"v":50000,"d":"50,000.00"},{"v":50000,"d":"50,000.00"},{"v":50000,"d":"50,000.00"}]
["2089999","其他社会保障和就业支出",{"v":50000,"d":"50,000.00"},{"v":50000,"d":"50,000.00"},{"v":50000,"d":"50,000.00"}]
["210","卫生健康支出",{"v":650000,"d":"650,000.00"},{"v":650000,"d":"650,000.00"},{"v":650000,"d":"650,000.00"}]
["21011","行政事业单位医疗",{"v":650000,"d":"650,000.00"},{"v":650000,"d":"650,000.00"},{"v":650000,"d":"650,000.00"}]
["2101102","事业单位医疗",{"v":650000,"d":"650,000.00"},{"v":650000,"d":"650,000.00"},{"v":650000,"d":"650,000.00"}]
["215","资源勘探工业信息等支出",{"v":8917880,"d":"8,917,880.00"},{"v":8917880,"d":"8,917,880.00"},{"v":6299800,"d":"6,299,800.00"},{"v":2618080,"d":"2,618,080.00"}]
["21501","资源勘探开发",{"v":8917880,"d":"8,917,880.00"},{"v":8917880,"d":"8,917,880.00"},{"v":6299800,"d":"6,299,800.00"},{"v":2618080,"d":"2,618,080.00"}]
["2150107","有色金属矿勘探和采选",{"v":8917880,"d":"8,917,880.00"},{"v":8917880,"d":"8,917,880.00"},{"v":6299800,"d":"6,299,800.00"},{"v":2618080,"d":"2,618,080.00"}]
["221","住房保障支出",{"v":707500,"d":"707,500.00"},{"v":707500,"d":"707,500.00"},{"v":707500,"d":"707,500.00"}]
["22102","住房改革支出",{"v":707500,"d":"707,500.00"},{"v":707500,"d":"707,500.00"},{"v":707500,"d":"707,500.00"}]
["2210201","住房公积金",{"v":707500,"d":"707,500.00"},{"v":707500,"d":"707,500.00"},{"v":707500,"d":"707,500.00"}]
["合  计","合  计",{"v":12646240,"d":"12,646,240.00"},{"v":12646240,"d":"12,646,240.00"},{"v":9807300,"d":"9,807,300.00"},{"v":2838940,"d":"2,838,940.00"}]

{"sheet":"一般公共预算“三公”经费支出预算表03","index":5,"n_rows":9,"n_cols":6,"rows_kept":9,"merged":[[1,0,1,5],[2,0,2,3],[3,0,4,0],[3,1,4,1],[3,2,3,4],[3,5,4,5],[8,0,8,5]]}
[{"$nulls":5},"预算03表"]
["2026年一般公共预算“三公”经费支出预算表"]
[{"$f":"\"单位名称：\"&\"云南省有色地质局三一0队\"","v":"单位名称：云南省有色地质局三一0队"},{"$nulls":4},"单位：元"]
["“三公”经费合计","因公出国（境）费","公务用车购置及运行费",null,null,"公务接待费"]
[null,null,"小计","公务用车购置费","公务用车运行费"]
[1,2,3,4,5,6]
[]
[]
["说明：我单位未使用一般公共预算安排“三公”经费，因此《2026年一般公共预算“三公”经费支出预算表》（预算03表）公开空表。"]

{"sheet":"部门基本支出预算表04","index":6,"n_rows":46,"n_cols":23,"rows_kept":46,"merged":[[1,0,1,22],[2,0,2,6],[3,0,6,0],[3,1,6,1],[3,2,6,2],[3,3,6,3],[3,4,6,4],[3,5,6,5],[3,6,6,6],[3,7,3,22],[4,7,6,7],[4,8,4,12],[4,13,4,15],[4,16,6,16],[4,17,4,22],[5,8,6,8],[5,9,6,9],[5,10,6,10],[5,11,6,11],[5,12,6,12],[5,13,6,13],[5,14,6,14],[5,15,6,15],[5,17,6,17],[5,18,6,18],[5,19,6,19],[5,20,6,20],[5,21,6,21],[5,22,6,22],[45,0,45,6]]}
[{"$nulls":22},"预算04表"]
["2026年部门基本支出预算表"]
[{"$f":"\"单位名称：\"&\"云南省有色地质局三一0队\"","v":"单位名称：云南省有色地质局三一0队"},{"$nulls":21},"单位：元"]
["单位名称","项目代码","项目名称","功能科目编码","功能科目名称","经济科目编码","经济科目名称","资金来源"]
[{"$nulls":7},"合计","一般公共预算",{"$nulls":4},"财政拨款结转结余",null,null,"财政专户管理资金","单位资金"]
[{"$nulls":8},"全年数","已提前安排","抵扣上年垫付资金","本次下达","另文下达","一般公共预算","政府性基金预算","国有资本经营预算",null,"小计","事业收入","事业单位\n经营收入","上级补助收入","附属单位上缴收入","其他收入"]
[]
[1,2,3,4,5,6,7,8,9,10,11,12,13,14,15,16,17,18,19,20,21,22,23]
["云南省有色地质局三一0队",{"$nulls":6},{"v":95925440,"d":"95,925,440.00"},{"v":12646240,"d":"12,646,240.00"},{"v":3161560,"d":"3,161,560.00"},null,{"v":9484680,"d":"9,484,680.00"},{"$nulls":5},{"v":83279200,"d":"83,279,200.00"},{"v":51029200,"d":"51,029,200.00"},null,{"v":30000000,"d":"30,000,000.00"},null,{"v":2250000,"d":"2,250,000.00"}]
["云南省有色地质局三一0队",{"$nulls":6},{"v":95925440,"d":"95,925,440.00"},{"v":12646240,"d":"12,646,240.00"},{"v":3161560,"d":"3,161,560.00"},null,{"v":9484680,"d":"9,484,680.00"},{"$nulls":5},{"v":83279200,"d":"83,279,200.00"},{"v":51029200,"d":"51,029,200.00"},null,{"v":30000000,"d":"30,000,000.00"},null,{"v":2250000,"d":"2,250,000.00"}]
["云南省有色地质局三一0队","530000210000000043153","事业人员支出工资","2150107","有色金属矿勘探和采选","30101","基本工资",{"v":7099800,"d":"7,099,800.00"},{"v":3699800,"d":"3,699,800.00"},{"v":924950,"d":"924,950.00"},null,{"v":2774850,"d":"2,774,850.00"},{"$nulls":5},{"v":3400000,"d":"3,400,000.00"},{"v":3400000,"d":"3,400,000.00"}]
["云南省有色地质局三一0队","530000210000000043153","事业人员支出工资","2150107","有色金属矿勘探和采选","30107","绩效工资",{"v":9400000,"d":"9,400,000.00"},{"v":1650000,"d":"1,650,000.00"},{"v":412500,"d":"412,500.00"},null,{"v":1237500,"d":"1,237,500.00"},{"$nulls":5},{"v":7750000,"d":"7,750,000.00"},{"v":6350000,"d":"6,350,000.00"},{"$nulls":3},{"v":1400000,"d":"1,400,000.00"}]
["云南省有色地质局三一0队","530000210000000043154","对个人和家庭的补助","2150107","有色金属矿勘探和采选","30305","生活补助",{"v":780000,"d":"780,000.00"},{"v":650000,"d":"650,000.00"},{"v":162500,"d":"162,500.00"},null,{"v":487500,"d":"487,500.00"},{"$nulls":5},{"v":130000,"d":"130,000.00"},{"v":130000,"d":"130,000.00"}]
["云南省有色地质局三一0队","530000210000000043155","社会保障缴费","2080505","机关事业单位基本养老保险缴费支出","30108","机关事业单位基本养老保险缴费",{"v":2068000,"d":"2,068,000.00"},{"v":1400000,"d":"1,400,000.00"},{"v":350000,"d":"350,000.00"},null,{"v":1050000,"d":"1,050,000.00"},{"$nulls":5},{"v":668000,"d":"668,000.00"},{"v":668000,"d":"668,000.00"}]
["云南省有色地质局三一0队","530000210000000043155","社会保障缴费","2089999","其他社会保障和就业支出","30112","其他社会保障缴费",{"v":140000,"d":"140,000.00"},{"v":50000,"d":"50,000.00"},{"v":12500,"d":"12,500.00"},null,{"v":37500,"d":"37,500.00"},{"$nulls":5},{"v":90000,"d":"90,000.00"},{"v":90000,"d":"90,000.00"}]
["云南省有色地质局三一0队","530000210000000043155","社会保障缴费","2101102","事业单位医疗","30110","职工基本医疗保险缴费",{"v":900000,"d":"900,000.00"},{"v":650000,"d":"650,000.00"},{"v":162500,"d":"162,500.00"},null,{"v":487500,"d":"487,500.00"},{"$nulls":5},{"v":250000,"d":"250,000.00"},{"v":250000,"d":"250,000.00"}]
["云南省有色地质局三一0队","530000210000000043155","社会保障缴费","2101102","事业单位医疗","30307","医疗费补助",{"v":130000,"d":"130,000.00"},{"$nulls":9},{"v":130000,"d":"130,000.00"},{"v":130000,"d":"130,000.00"}]
["云南省有色地质局三一0队","530000210000000043155","社会保障缴费","2101199","其他行政事业单位医疗支出","30112","其他社会保障缴费",{"v":22000,"d":"22,000.00"},{"$nulls":9},{"v":22000,"d":"22,000.00"},{"v":22000,"d":"22,000.00"}]
["云南省有色地质局三一0队","530000210000000043156","一般公用经费","2080502","事业单位离退休","30299","其他商品和服务支出",{"v":220860,"d":"220,860.00"},{"v":220860,"d":"220,860.00"},{"v":55215,"d":"55,215.00"},null,{"v":165645,"d":"165,645.00"}]
["云南省有色地质局三一0队","530000210000000043156","一般公用经费","2150107","有色金属矿勘探和采选","30201","办公费",{"v":940000,"d":"940,000.00"},{"v":150000,"d":"150,000.00"},{"v":37500,"d":"37,500.00"},null,{"v":112500,"d":"112,500.00"},{"$nulls":5},{"v":790000,"d":"790,000.00"},{"v":640000,"d":"640,000.00"},{"$nulls":3},{"v":150000,"d":"150,000.00"}]
["云南省有色地质局三一0队","530000210000000043156","一般公用经费","2150107","有色金属矿勘探和采选","30202","印刷费",{"v":900000,"d":"900,000.00"},{"v":150000,"d":"150,000.00"},{"v":37500,"d":"37,500.00"},null,{"v":112500,"d":"112,500.00"},{"$nulls":5},{"v":750000,"d":"750,000.00"},{"v":750000,"d":"750,000.00"}]
["云南省有色地质局三一0队","530000210000000043156","一般公用经费","2150107","有色金属矿勘探和采选","30204","手续费",{"v":180000,"d":"180,000.00"},{"$nulls":9},{"v":180000,"d":"180,000.00"},{"v":180000,"d":"180,000.00"}]
["云南省有色地质局三一0队","530000210000000043156","一般公用经费","2150107","有色金属矿勘探和采选","30205","水费",{"v":164000,"d":"164,000.00"},{"v":4000,"d":"4,000.00"},{"v":1000,"d":"1,000.00"},null,{"v":3000,"d":"3,000.00"},{"$nulls":5},{"v":160000,"d":"160,000.00"},{"v":60000,"d":"60,000.00"},{"$nulls":3},{"v":100000,"d":"100,000.00"}]
["云南省有色地质局三一0队","530000210000000043156","一般公用经费","2150107","有色金属矿勘探和采选","30206","电费",{"v":370000,"d":"370,000.00"},{"v":20000,"d":"20,000.00"},{"v":5000,"d":"5,000.00"},null,{"v":15000,"d":"15,000.00"},{"$nulls":5},{"v":350000,"d":"350,000.00"},{"v":250000,"d":"250,000.00"},{"$nulls":3},{"v":100000,"d":"100,000.00"}]
["云南省有色地质局三一0队","530000210000000043156","一般公用经费","2150107","有色金属矿勘探和采选","30207","邮电费",{"v":160000,"d":"160,000.00"},{"$nulls":9},{"v":160000,"d":"160,000.00"},{"v":160000,"d":"160,000.00"}]
["云南省有色地质局三一0队","530000210000000043156","一般公用经费","2150107","有色金属矿勘探和采选","30209","物业管理费",{"v":370000,"d":"370,000.00"},{"v":150000,"d":"150,000.00"},{"v":37500,"d":"37,500.00"},null,{"v":112500,"d":"112,500.00"},{"$nulls":5},{"v":220000,"d":"220,000.00"},{"v":20000,"d":"20,000.00"},{"$nulls":3},{"v":200000,"d":"200,000.00"}]
["云南省有色地质局三一0队","530000210000000043156","一般公用经费","2150107","有色金属矿勘探和采选","30211","差旅费",{"v":4844080,"d":"4,844,080.00"},{"v":644080,"d":"644,080.00"},{"v":161020,"d":"161,020.00"},null,{"v":483060,"d":"483,060.00"},{"$nulls":5},{"v":4200000,"d":"4,200,000.00"},{"v":4200000,"d":"4,200,000.00"}]
["云南省有色地质局三一0队","530000210000000043156","一般公用经费","2150107","有色金属矿勘探和采选","30213","维修（护）费",{"v":330000,"d":"330,000.00"},{"$nulls":9},{"v":330000,"d":"330,000.00"},{"v":330000,"d":"330,000.00"}]
["云南省有色地质局三一0队","530000210000000043156","一般公用经费","2150107","有色金属矿勘探和采选","30214","租赁费",{"v":1030000,"d":"1,030,000.00"},{"$nulls":9},{"v":1030000,"d":"1,030,000.00"},{"v":1030000,"d":"1,030,000.00"}]
["云南省有色地质局三一0队","530000210000000043156","一般公用经费","2150107","有色金属矿勘探和采选","30215","会议费",{"v":30000,"d":"30,000.00"},{"$nulls":9},{"v":30000,"d":"30,000.00"},{"v":30000,"d":"30,000.00"}]
["云南省有色地质局三一0队","530000210000000043156","一般公用经费","2150107","有色金属矿勘探和采选","30216","培训费",{"v":70000,"d":"70,000.00"},{"$nulls":9},{"v":70000,"d":"70,000.00"},{"v":70000,"d":"70,000.00"}]
["云南省有色地质局三一0队","530000210000000043156","一般公用经费","2150107","有色金属矿勘探和采选","30218","专用材料费",{"v":7600000,"d":"7,600,000.00"},{"$nulls":9},{"v":7600000,"d":"7,600,000.00"},{"v":5600000,"d":"5,600,000.00"},null,{"v":2000000,"d":"2,000,000.00"}]
["云南省有色地质局三一0队","530000210000000043156","一般公用经费","2150107","有色金属矿勘探和采选","30226","劳务费",{"v":2160000,"d":"2,160,000.00"},{"$nulls":9},{"v":2160000,"d":"2,160,000.00"},{"v":1160000,"d":"1,160,000.00"},null,{"v":1000000,"d":"1,000,000.00"}]
["云南省有色地质局三一0队","530000210000000043156","一般公用经费","2150107","有色金属矿勘探和采选","30227","委托业务费",{"v":13550000,"d":"13,550,000.00"},{"v":1500000,"d":"1,500,000.00"},{"v":375000,"d":"375,000.00"},null,{"v":1125000,"d":"1,125,000.00"},{"$nulls":5},{"v":12050000,"d":"12,050,000.00"},{"v":4750000,"d":"4,750,000.00"},null,{"v":7000000,"d":"7,000,000.00"},null,{"v":300000,"d":"300,000.00"}]
["云南省有色地质局三一0队","530000210000000043156","一般公用经费","2150107","有色金属矿勘探和采选","30239","其他交通费用",{"v":1000000,"d":"1,000,000.00"},{"$nulls":9},{"v":1000000,"d":"1,000,000.00"},{"v":1000000,"d":"1,000,000.00"}]
["云南省有色地质局三一0队","530000210000000043156","一般公用经费","2150107","有色金属矿勘探和采选","30240","税金及附加费用",{"v":3000000,"d":"3,000,000.00"},{"$nulls":9},{"v":3000000,"d":"3,000,000.00"},{"v":3000000,"d":"3,000,000.00"}]
["云南省有色地质局三一0队","530000210000000043156","一般公用经费","2150107","有色金属矿勘探和采选","30299","其他商品和服务支出",{"v":23650000,"d":"23,650,000.00"},{"$nulls":9},{"v":23650000,"d":"23,650,000.00"},{"v":3650000,"d":"3,650,000.00"},null,{"v":20000000,"d":"20,000,000.00"}]
["云南省有色地质局三一0队","530000210000000043156","一般公用经费","2150107","有色金属矿勘探和采选","31002","办公设备购置",{"v":351200,"d":"351,200.00"},{"$nulls":9},{"v":351200,"d":"351,200.00"},{"v":351200,"d":"351,200.00"}]
["云南省有色地质局三一0队","530000210000000043156","一般公用经费","2150107","有色金属矿勘探和采选","31003","专用设备购置",{"v":1694000,"d":"1,694,000.00"},{"$nulls":9},{"v":1694000,"d":"1,694,000.00"},{"v":1694000,"d":"1,694,000.00"}]
["云南省有色地质局三一0队","530000210000000043171","其他工资福利支出","2150107","有色金属矿勘探和采选","30199","其他工资福利支出",{"v":7800000,"d":"7,800,000.00"},{"v":300000,"d":"300,000.00"},{"v":75000,"d":"75,000.00"},null,{"v":225000,"d":"225,000.00"},{"$nulls":5},{"v":7500000,"d":"7,500,000.00"},{"v":7500000,"d":"7,500,000.00"}]
["云南省有色地质局三一0队","530000210000000043172","住房公积金","2210201","住房公积金","30113","住房公积金",{"v":2307500,"d":"2,307,500.00"},{"v":707500,"d":"707,500.00"},{"v":176875,"d":"176,875.00"},null,{"v":530625,"d":"530,625.00"},{"$nulls":5},{"v":1600000,"d":"1,600,000.00"},{"v":1600000,"d":"1,600,000.00"}]
["云南省有色地质局三一0队","530000210000000044186","社会保障缴费（职业年金单位缴费）","2080506","机关事业单位职业年金缴费支出","30109","职业年金缴费",{"v":1034000,"d":"1,034,000.00"},{"v":700000,"d":"700,000.00"},{"v":175000,"d":"175,000.00"},null,{"v":525000,"d":"525,000.00"},{"$nulls":5},{"v":334000,"d":"334,000.00"},{"v":334000,"d":"334,000.00"}]
["云南省有色地质局三一0队","530000210000000044187","公车购置及运维费","2150107","有色金属矿勘探和采选","30231","公务用车运行维护费",{"v":900000,"d":"900,000.00"},{"$nulls":9},{"v":900000,"d":"900,000.00"},{"v":900000,"d":"900,000.00"}]
["云南省有色地质局三一0队","530000210000000044188","公务接待费","2150107","有色金属矿勘探和采选","30217","公务接待费",{"v":480000,"d":"480,000.00"},{"$nulls":9},{"v":480000,"d":"480,000.00"},{"v":480000,"d":"480,000.00"}]
["云南省有色地质局三一0队","530000210000000044189","工会经费","2150107","有色金属矿勘探和采选","30228","工会经费",{"v":250000,"d":"250,000.00"},{"$nulls":9},{"v":250000,"d":"250,000.00"},{"v":250000,"d":"250,000.00"}]
["合  计",{"$nulls":6},{"v":95925440,"d":"95,925,440.00"},{"v":12646240,"d":"12,646,240.00"},{"v":3161560,"d":"3,161,560.00"},null,{"v":9484680,"d":"9,484,680.00"},{"$nulls":5},{"v":83279200,"d":"83,279,200.00"},{"v":51029200,"d":"51,029,200.00"},null,{"v":30000000,"d":"30,000,000.00"},null,{"v":2250000,"d":"2,250,000.00"}]

{"sheet":"部门项目支出预算表05-1","index":7,"n_rows":10,"n_cols":23,"rows_kept":10,"merged":[[1,0,1,22],[2,0,2,8],[3,0,5,0],[3,1,5,1],[3,2,5,2],[3,3,5,3],[3,4,5,4],[3,5,5,5],[3,6,5,6],[3,7,5,7],[3,8,5,8],[3,9,3,12],[3,13,3,15],[3,16,5,16],[3,17,3,22],[4,9,4,10],[4,11,5,11],[4,12,5,12],[4,13,5,13],[4,14,5,14],[4,15,5,15],[4,17,5,17],[4,18,5,18],[4,19,5,19],[4,20,5,20],[4,21,5,21],[4,22,5,22],[9,0,9,7]]}
[{"$nulls":22},"预算05-1表"]
["2026年部门项目支出预算表"]
[{"$f":"\"单位名称：\"&\"云南省有色地质局三一0队\"","v":"单位名称：云南省有色地质局三一0队"},"单位名称：云南省有色地质局三一0队",{"$nulls":20},"单位：元"]
["项目分类","项目代码","项目名称","项目单位","功能科目编码","功能科目名称","经济科目编码","经济科目名称","合计","本年拨款",{"$nulls":3},"财政拨款结转结余",null,null,"财政专户管理资金","单位资金"]
[{"$nulls":9},"一般公共预算",null,"政府性基金预算","国有资本经营预算","一般公共预算","政府性基金预算","国有资本经营预算",null,"小计","事业收入","事业单位\n经营收入","上级补助收入","附属单位上缴收入","其他收入"]
[{"$nulls":9},"小计","其中：本次下达"]
[1,2,3,4,5,6,7,8,9,10,11,12,13,14,15,16,17,18,19,20,21,22,23]
[null,null,"因公出国（境）专项经费",{"$nulls":5},{"v":38000,"d":"38,000.00"},{"$nulls":8},{"v":38000,"d":"38,000.00"},{"v":38000,"d":"38,000.00"}]
["因公出国（境）经费","530000261100004740451","因公出国（境）专项经费","云南省有色地质局三一0队","2150107","有色金属矿勘探和采选","30212","因公出国（境）费用",{"v":38000,"d":"38,000.00"},{"$nulls":8},{"v":38000,"d":"38,000.00"},{"v":38000,"d":"38,000.00"}]
["合  计",{"$nulls":7},{"v":38000,"d":"38,000.00"},{"$nulls":8},{"v":38000,"d":"38,000.00"},{"v":38000,"d":"38,000.00"}]

{"sheet":"部门项目支出绩效目标表05-2","index":8,"n_rows":10,"n_cols":10,"rows_kept":10,"merged":[[1,0,1,9],[2,0,2,7],[7,0,9,0],[7,1,9,1]]}
[{"$nulls":9},"预算05-2表"]
["2026年部门项目支出绩效目标表"]
[{"$f":"\"单位名称：\"&\"云南省有色地质局三一0队\"","v":"单位名称：云南省有色地质局三一0队"}]
["单位名称、项目名称","项目年度绩效目标","一级指标","二级指标","三级指标","指标性质","指标值","度量单位","指标属性","指标内容"]
[1,2,3,4,5,6,7,8,9,10]
["云南省有色地质局三一0队"]
["云南省有色地质局三一0队"]
["因公出国（境）专项经费","顺利完成项目任务、野外踏勘和商务洽谈。","产出指标","数量指标","开展检查（核查）次数",">=","2","人次","定量指标","反映检查核查的次数情况。"]
["因公出国（境）专项经费","顺利完成项目任务、野外踏勘和商务洽谈。","效益指标","社会效益","促成成果数",">=","2","个","定量指标","反映出访团组出访促进成果达成的数量情况，如提出建设性意见、建议的数量等。"]
["因公出国（境）专项经费","顺利完成项目任务、野外踏勘和商务洽谈。","满意度指标","服务对象满意度","满意度",">=","85.00","%","定量指标","反映服务对象对检查核查工作的整体满意情况。"]

{"sheet":"部门政府性基金预算表06","index":9,"n_rows":10,"n_cols":6,"rows_kept":10,"merged":[[1,0,1,5],[3,0,4,0],[3,1,4,1],[3,2,4,2],[3,3,3,5],[7,0,7,2],[9,0,9,5]]}
[{"$nulls":5},"预算06表"]
["2026年政府性基金预算支出预算表"]
[{"$f":"\"单位名称：\"&\"云南省有色地质局三一0队\"","v":"单位名称：云南省有色地质局三一0队"},{"$nulls":4},"单位:元"]
["单位名称","科目编码","科目名称","政府性基金预算支出"]
[{"$nulls":3},"合计","基本支出","项目支出"]
[1,2,3,4,5,6]
[]
["合  计",null,"合  计"]
[]
["说明：我单位无政府性基金预算支出，因此《2026年政府性基金预算支出预算表》（预算06表）公开空表。"]

{"sheet":"部门政府采购预算表07","index":10,"n_rows":26,"n_cols":17,"rows_kept":26,"merged":[[1,0,1,16],[2,0,2,5],[3,0,5,0],[3,1,5,1],[3,2,5,2],[3,3,5,3],[3,4,5,4],[3,5,5,5],[3,6,3,16],[4,6,5,6],[4,7,5,7],[4,8,5,8],[4,9,5,9],[4,10,5,10],[4,11,4,16],[25,0,25,4]]}
[{"$nulls":16},"预算07表"]
["2026年部门政府采购预算表"]
[{"$f":"\"单位名称：\"&\"云南省有色地质局三一0队\"","v":"单位名称：云南省有色地质局三一0队"},{"$nulls":15},"单位：元"]
["预算项目","采购项目","采购品目","计量\n单位","数量","面向中小企业预留资金","资金来源"]
[{"$nulls":6},"合计","一般公共预算","政府性\n基金","国有资本经营收益","财政专户管理的收入","单位自筹"]
[{"$nulls":7},"小计",{"$nulls":3},"小计","事业收入","事业单位\n经营收入","上级补助收入","附属单位上缴收入","其他收入"]
[1,2,3,4,5,6,7,8,9,10,11,12,13,14,15,16,17]
["云南省有色地质局三一0队",{"$nulls":4},{"v":170200,"d":"170,200.00"},{"v":2026200,"d":"2,026,200.00"},{"$nulls":4},{"v":2026200,"d":"2,026,200.00"},{"v":2026200,"d":"2,026,200.00"}]
["云南省有色地质局三一0队",{"$nulls":4},{"v":170200,"d":"170,200.00"},{"v":2026200,"d":"2,026,200.00"},{"$nulls":4},{"v":2026200,"d":"2,026,200.00"},{"v":2026200,"d":"2,026,200.00"}]
["一般公用经费","A3彩色打印机","A02021002 A3彩色打印机","台",1,{"v":15000,"d":"15,000.00"},{"v":15000,"d":"15,000.00"},{"$nulls":4},{"v":15000,"d":"15,000.00"},{"v":15000,"d":"15,000.00"}]
["一般公用经费","A3黑白打印机","A02021001 A3黑白打印机","台",2,{"v":15200,"d":"15,200.00"},{"v":15200,"d":"15,200.00"},{"$nulls":4},{"v":15200,"d":"15,200.00"},{"v":15200,"d":"15,200.00"}]
["一般公用经费","A4黑白打印机","A02021003 A4黑白打印机","台",2,{"v":3000,"d":"3,000.00"},{"v":3000,"d":"3,000.00"},{"$nulls":4},{"v":3000,"d":"3,000.00"},{"v":3000,"d":"3,000.00"}]
["一般公用经费","办公椅","A05010301 办公椅","把",20,{"v":16000,"d":"16,000.00"},{"v":16000,"d":"16,000.00"},{"$nulls":4},{"v":16000,"d":"16,000.00"},{"v":16000,"d":"16,000.00"}]
["一般公用经费","办公桌","A05010201 办公桌","组",10,{"v":25000,"d":"25,000.00"},{"v":25000,"d":"25,000.00"},{"$nulls":4},{"v":25000,"d":"25,000.00"},{"v":25000,"d":"25,000.00"}]
["一般公用经费","笔记本电脑","A02010108 便携式计算机","台",4,null,{"v":36000,"d":"36,000.00"},{"$nulls":4},{"v":36000,"d":"36,000.00"},{"v":36000,"d":"36,000.00"}]
["一般公用经费","一体机","A02020400 多功能一体机","台",4,{"v":12000,"d":"12,000.00"},{"v":12000,"d":"12,000.00"},{"$nulls":4},{"v":12000,"d":"12,000.00"},{"v":12000,"d":"12,000.00"}]
["一般公用经费","普通黑白复印机","A02020100 复印机","台",3,{"v":60000,"d":"60,000.00"},{"v":60000,"d":"60,000.00"},{"$nulls":4},{"v":60000,"d":"60,000.00"},{"v":60000,"d":"60,000.00"}]
["一般公用经费","复印纸","A05040101 复印纸","箱",500,null,{"v":100000,"d":"100,000.00"},{"$nulls":4},{"v":100000,"d":"100,000.00"},{"v":100000,"d":"100,000.00"}]
["一般公用经费","打印费","C2309019999 其他印刷服务","年",1,null,{"v":700000,"d":"700,000.00"},{"$nulls":4},{"v":700000,"d":"700,000.00"},{"v":700000,"d":"700,000.00"}]
["一般公用经费","扫描仪","A02021118 扫描仪","台",1,{"v":4000,"d":"4,000.00"},{"v":4000,"d":"4,000.00"},{"$nulls":4},{"v":4000,"d":"4,000.00"},{"v":4000,"d":"4,000.00"}]
["一般公用经费","台式电脑","A02010105 台式计算机","台",20,null,{"v":120000,"d":"120,000.00"},{"$nulls":4},{"v":120000,"d":"120,000.00"},{"v":120000,"d":"120,000.00"}]
["一般公用经费","文件柜","A05010502 文件柜","组",20,{"v":20000,"d":"20,000.00"},{"v":20000,"d":"20,000.00"},{"$nulls":4},{"v":20000,"d":"20,000.00"},{"v":20000,"d":"20,000.00"}]
["公车购置及运维费","车辆加油、添加燃料服务","C23120302 车辆加油、添加燃料服务","年",1,null,{"v":500000,"d":"500,000.00"},{"$nulls":4},{"v":500000,"d":"500,000.00"},{"v":500000,"d":"500,000.00"}]
["公车购置及运维费","车辆维修和保养服务","C23120301 车辆维修和保养服务","年",1,null,{"v":300000,"d":"300,000.00"},{"$nulls":4},{"v":300000,"d":"300,000.00"},{"v":300000,"d":"300,000.00"}]
["公车购置及运维费","机动车保险服务","C1804010201 机动车保险服务","年",1,null,{"v":100000,"d":"100,000.00"},{"$nulls":4},{"v":100000,"d":"100,000.00"},{"v":100000,"d":"100,000.00"}]
["合  计",{"$nulls":4},{"v":170200,"d":"170,200.00"},{"v":2026200,"d":"2,026,200.00"},{"$nulls":4},{"v":2026200,"d":"2,026,200.00"},{"v":2026200,"d":"2,026,200.00"}]

{"sheet":"部门政府购买服务预算表08","index":11,"n_rows":12,"n_cols":14,"rows_kept":12,"merged":[[1,0,1,13],[2,0,2,2],[3,0,5,0],[3,1,5,1],[3,2,5,2],[3,3,3,13],[4,3,5,3],[4,4,5,4],[4,5,5,5],[4,6,5,6],[4,7,5,7],[4,8,4,13],[9,0,9,2],[11,0,11,13]]}
[{"$nulls":13},"预算08表"]
["2026年部门政府购买服务预算表"]
[{"$f":"\"单位名称：\"&\"云南省有色地质局三一0队\"","v":"单位名称：云南省有色地质局三一0队"},{"$nulls":12},"单位：元"]
["预算项目","政府购买服务项目","政府购买服务目录","资金来源"]
[{"$nulls":3},"合计","一般公共预算","政府性\n基金","国有资本经营收益","财政专户管理的收入","单位自筹"]
[{"$nulls":8},"小计","事业收入","事业单位\n经营收入","上级补助收入","附属单位上缴收入","其他收入"]
[1,2,3,4,5,6,7,8,9,10,11,12,13,14]
[]
[]
["合  计"]
[]
["说明：我单位无政府购买服务预算，因此《2026年部门政府购买服务预算表》（预算08表）公开空表。"]

{"sheet":"省对下转移支付预算表09-1","index":12,"n_rows":10,"n_cols":24,"rows_kept":10,"merged":[[1,0,1,23],[2,0,2,8],[3,0,4,0],[3,1,3,3],[3,4,3,23],[9,0,9,23]]}
[{"$nulls":23},"预算09-1表"]
["2026年省对下转移支付预算表"]
[{"$f":"\"单位名称：\"&\"云南省有色地质局三一0队\"","v":"单位名称：云南省有色地质局三一0队"},{"$nulls":22},"单位：元"]
["单位名称（项目）","资金来源",null,null,"地区"]
[null,"合计","一般公共预算","政府性基金","昆明","昭通","曲靖","玉溪","红河","文山","普洱","西双版纳","楚雄","大理","保山","德宏","丽江","怒江","迪庆","临沧","宣威","腾冲","镇雄","未分配到地区数"]
[1,2,3,4,5,6,7,8,9,10,11,12,13,14,15,16,17,18,19,20,21,22,23,24]
[]
[]
[]
["说明：我单位无省对下转移支付预算，因此《2026年省对下转移支付预算表》（预算09-1表）公开空表。"]

{"sheet":"省对下转移支付绩效目标表09-2","index":13,"n_rows":9,"n_cols":10,"rows_kept":9,"merged":[[1,0,1,9],[2,0,2,7],[8,0,8,10]]}
[{"$nulls":9},"预算09-2表"]
["2026年省对下转移支付绩效目标表"]
[{"$f":"\"单位名称：\"&\"云南省有色地质局三一0队\"","v":"单位名称：云南省有色地质局三一0队"}]
["单位名称、项目名称","项目年度绩效目标","一级指标","二级指标","三级指标","指标性质","指标值","度量单位","指标属性","指标内容"]
[1,2,3,4,5,6,7,8,9,10]
[]
[]
[]
["说明：我单位无省对下转移支付预算，因此《2026年省对下转移支付绩效目标表》（预算09-2表）公开空表。"]

{"sheet":"新增资产配置表10","index":14,"n_rows":29,"n_cols":8,"rows_kept":29,"merged":[[1,0,1,7],[3,0,4,0],[3,1,4,1],[3,2,4,2],[3,3,4,3],[3,4,4,4],[3,5,3,7],[27,0,27,4],[28,0,28,7]]}
[{"$nulls":7},"预算10表"]
["2026年新增资产配置表"]
[{"$f":"\"单位名称：\"&\"云南省有色地质局三一0队\"","v":"单位名称：云南省有色地质局三一0队"}]
["单位名称","资产类别","资产分类代码.名称","资产名称","计量单位","财政部门批复数（元）"]
[{"$nulls":5},"数量","单价","金额"]
["1","2","3","4","5","6","7","8"]
["云南省有色地质局三一0队",{"$nulls":4},136,null,{"v":2045200,"d":"2,045,200.00"}]
["云南省有色地质局三一0队","设备","A02010105 台式计算机","台式电脑","台",20,{"v":6000,"d":"6,000.00"},{"v":120000,"d":"120,000.00"}]
["云南省有色地质局三一0队","设备","A02010107 图形工作站","图形工作站","台",4,{"v":35000,"d":"35,000.00"},{"v":140000,"d":"140,000.00"}]
["云南省有色地质局三一0队","设备","A02010108 便携式计算机","笔记本电脑","台",4,{"v":9000,"d":"9,000.00"},{"v":36000,"d":"36,000.00"}]
["云南省有色地质局三一0队","设备","A02020100 复印机","普通黑白复印机","台",3,{"v":20000,"d":"20,000.00"},{"v":60000,"d":"60,000.00"}]
["云南省有色地质局三一0队","设备","A02020400 多功能一体机","一体机","台",4,{"v":3000,"d":"3,000.00"},{"v":12000,"d":"12,000.00"}]
["云南省有色地质局三一0队","设备","A02020502 通用照相机","单反相机","台",1,{"v":25000,"d":"25,000.00"},{"v":25000,"d":"25,000.00"}]
["云南省有色地质局三一0队","设备","A02021001 A3黑白打印机","A3黑白打印机","台",2,{"v":7600,"d":"7,600.00"},{"v":15200,"d":"15,200.00"}]
["云南省有色地质局三一0队","设备","A02021002 A3彩色打印机","A3彩色打印机","台",1,{"v":15000,"d":"15,000.00"},{"v":15000,"d":"15,000.00"}]
["云南省有色地质局三一0队","设备","A02021003 A4黑白打印机","A4黑白打印机","台",2,{"v":1500,"d":"1,500.00"},{"v":3000,"d":"3,000.00"}]
["云南省有色地质局三一0队","设备","A02021118 扫描仪","扫描仪","台",1,{"v":4000,"d":"4,000.00"},{"v":4000,"d":"4,000.00"}]
["云南省有色地质局三一0队","设备","A02071300 卫星定位导航设备","GNSS","台",15,{"v":10000,"d":"10,000.00"},{"v":150000,"d":"150,000.00"}]
["云南省有色地质局三一0队","设备","A02071300 卫星定位导航设备","GPS集思宝","台",19,{"v":10000,"d":"10,000.00"},{"v":190000,"d":"190,000.00"}]
["云南省有色地质局三一0队","设备","A02100406 波谱仪","手持矿石分析仪","台",2,{"v":300000,"d":"300,000.00"},{"v":600000,"d":"600,000.00"}]
["云南省有色地质局三一0队","设备","A02101900 测绘仪器","测距仪","台",2,{"v":2000,"d":"2,000.00"},{"v":4000,"d":"4,000.00"}]
["云南省有色地质局三一0队","设备","A02101900 测绘仪器","全站仪","台",1,{"v":250000,"d":"250,000.00"},{"v":250000,"d":"250,000.00"}]
["云南省有色地质局三一0队","设备","A02430900 无人机","无人机","台",4,{"v":40000,"d":"40,000.00"},{"v":160000,"d":"160,000.00"}]
["云南省有色地质局三一0队","设备","A02439900 其他航空器及其配套设备","无人机挂载五镜头相机","套",1,{"v":200000,"d":"200,000.00"},{"v":200000,"d":"200,000.00"}]
["云南省有色地质局三一0队","家具和用品","A05010201 办公桌","办公桌","张",10,{"v":2500,"d":"2,500.00"},{"v":25000,"d":"25,000.00"}]
["云南省有色地质局三一0队","家具和用品","A05010301 办公椅","办公椅","把",20,{"v":800,"d":"800.00"},{"v":16000,"d":"16,000.00"}]
["云南省有色地质局三一0队","家具和用品","A05010502 文件柜","文件柜","个",20,{"v":1000,"d":"1,000.00"},{"v":20000,"d":"20,000.00"}]
["合计",{"$nulls":4},136,null,{"v":2045200,"d":"2,045,200.00"}]
["注：涉及土地使用权、房屋、公务用车购置，按照现行相关管理制度规定报批，以职能部门审批意见为准。"]

{"sheet":"中央转移支付补助项目支出预算表11","index":15,"n_rows":12,"n_cols":11,"rows_kept":12,"merged":[[1,0,1,10],[2,0,2,6],[3,0,5,0],[3,1,5,1],[3,2,5,2],[3,3,5,3],[3,4,5,4],[3,5,5,5],[3,6,5,6],[3,7,5,7],[3,8,3,10],[4,8,5,8],[4,9,5,9],[4,10,5,10],[9,0,9,6],[11,0,11,10]]}
[{"$nulls":10},"预算11表"]
["2026年中央转移支付补助项目支出预算表"]
[{"$f":"\"单位名称：\"&\"云南省有色地质局三一0队\"","v":"单位名称：云南省有色地质局三一0队"},{"$nulls":9},"单位：元"]
["项目分类","项目名称","项目单位","功能科目编码","功能科目名称","经济科目编码","经济科目名称","合计","上级补助"]
[{"$nulls":8},"一般公共预算","政府性基金预算","国有资本经营预算"]
[{"$nulls":8},"小计"]
[1,2,3,4,5,6,7,8,9,10,11]
[]
[]
["合  计"]
[]
["说明：我单位无中央转移支付补助项目支出预算，因此《2026年中央转移支付补助项目支出预算表》（预算11表）公开空表。"]

{"sheet":"部门项目支出中期规划预算表12","index":16,"n_rows":12,"n_cols":7,"rows_kept":12,"merged":[[1,0,1,6],[2,0,2,3],[3,0,5,0],[3,1,5,1],[3,2,5,2],[3,3,5,3],[3,4,3,6],[4,4,5,4],[4,5,5,5],[4,6,5,6],[9,0,9,3],[11,0,11,6]]}
[{"$nulls":6},"预算12表"]
["2026年部门项目支出中期规划预算表"]
[{"$f":"\"单位名称：\"&\"云南省有色地质局三一0队\"","v":"单位名称：云南省有色地质局三一0队"},{"$nulls":5},"单位：元"]
["项目单位","项目分类","项目名称","项目级次","一般公共预算"]
[{"$nulls":4},"2026年","2027年","2028年"]
[{"$nulls":5},"小计"]
[1,2,3,4,5,6,7]
[]
[]
["合计",""]
[]
["说明：我单位无项目中期规划，因此《2026年部门项目支出中期规划预算表》（预算12表）公开空表。"]